[Event "Imperia op-A 50th"]
[Site "Imperia"]
[Date "2008.09.01"]
[Round "2"]
[White "Ornati, Gianmaria"]
[Black "Pesce, Gabriele"]
[Result "1/2-1/2"]
[WhiteElo "1927"]
[BlackElo "2102"]
[PlyCount "84"]
[EventDate "2008.08.31"]
[EventType "swiss"]
[EventRounds "9"]
[EventCountry "ITA"]
[SourceTitle "MCD"]
[Source "ChessBase"]
[SourceDate "1999.07.01"]
[SourceVersion "1"]
[SourceVersionDate "1999.07.01"]
[SourceQuality "1"]

1. d4 Nf6 2. c4 g6 3. Nc3 Bg7 4. e4 d6 5. Nf3 0-0 6. Be2 e5 7. 0-0 Nc6 8. d5 Ne7 9. Ne1 Nd7 10. Be3 f5 11. f3 f4 12. Bf2 g5 13. Rc1 Ng6 14. Nb5 Nf6 15. Nxa7 Rxa7 16. Bxa7 b6 17. b4 g4 18. c5 g3 19. h3 Nh5 20. Qc2 Nh8 21. cxb6 cxb6 22. Bb5 Nf7 23. Qxc8 Qxc8 24. Rxc8 Rxc8 25. Bc6 b5 26. Bb6 Bf6 27. Nd3 Rb8 28. Ba5 Bd8 29. Bxd8 Nxd8 30. Rc1 Kf8 31. Kf1 Nf6 32. Nb2 Ke7 33. Nd1 Ne8 34. Ke2 Nc7 35. Kd3 Rb6 36. a3 Ra6 37. Rc3 Rb6 38. Kc2 Nce6 39. dxe6 Rxc6 40. Rxc6 Nxc6 41. Nc3 Nd4+ 42. Kd3 Kxe6 1/2-1/2

[Event "Imperia op-A 50th"]
[Site "Imperia"]
[Date "2008.08.31"]
[Round "1"]
[White "Gorelli Fagiolini, Marco F"]
[Black "Ornati, Gianmaria"]
[Result "1-0"]
[WhiteElo "2183"]
[BlackElo "1927"]
[PlyCount "73"]
[EventDate "2008.08.31"]
[EventType "swiss"]
[EventRounds "9"]
[EventCountry "ITA"]
[SourceTitle "MCD"]
[Source "ChessBase"]
[SourceDate "1999.07.01"]
[SourceVersion "1"]
[SourceVersionDate "1999.07.01"]
[SourceQuality "1"]

1. e4 c5 2. Nf3 d6 3. d4 cxd4 4. Nxd4 Nf6 5. Nc3 a6 6. Be2 e6 7. 0-0 Be7 8. f4 Qc7 9. Kh1 0-0 10. Be3 b5 11. Bf3 e5 12. Nf5 Nc6 13. Nxe7+ Nxe7 14. fxe5 dxe5 15. Bg5 Rd8 16. Qe2 Ne8 17. Nd5 Nxd5 18. Bxd8 Qxd8 19. exd5 Qd6 20. Rfe1 f6 21. a4 Nc7 22. axb5 Nxb5 23. Qxb5 axb5 24. Rxa8 Qd7 25. d6 Kf7 26. Rd1 f5 27. Rxc8 Qxc8 28. d7 Qd8 29. b4 e4 30. Be2 Ke7 31. Bxb5 g5 32. Be2 f4 33. b5 h6 34. c4 Qxd7 35. Rxd7+ Kxd7 36. c5 Kc7 37. Kg1 1-0

[Event "Imperia Corallo op-A 1st"]
[Site "Imperia"]
[Date "2006.11.26"]
[Round "4"]
[White "Rossi Cassani, Gianni"]
[Black "Ornati, Gianmaria"]
[Result "1-0"]
[WhiteElo "1562"]
[BlackElo "1714"]
[PlyCount "107"]
[EventDate "2006.11.24"]
[EventType "swiss"]
[EventRounds "5"]
[EventCountry "ITA"]
[SourceTitle "EXT 2024"]
[Source "ChessBase"]
[SourceDate "2023.10.10"]
[SourceVersion "1"]
[SourceVersionDate "2023.10.10"]
[SourceQuality "1"]

1. e4 c5 2. Nf3 d6 3. d4 cxd4 4. Nxd4 Nf6 5. Nc3 a6 6. Be3 e6 7. a4 Be7 8. Be2 Qc7 9. a5 Nbd7 10. 0-0 0-0 11. f4 Rb8 12. Qe1 b6 13. axb6 Qxb6 14. Nf5 Qd8 15. Nxe7+ Qxe7 16. b3 Bb7 17. Bxa6 Bxa6 18. Rxa6 Rfc8 19. Bc1 Nc5 20. Ra2 Qc7 21. Rf3 e5 22. fxe5 dxe5 23. Rxf6 gxf6 24. Bh6 Kh8 25. Nd5 Qd6 26. Qh4 Rg8 27. b4 Nxe4 28. Qxe4 f5 29. Qd3 Qxh6 30. Qxf5 Qc1+ 31. Qf1 Qd2 32. Ne7 Rg4 33. g3 h5 34. Qf6+ Rg7 35. Qxe5 Qxb4 36. Qxh5+ Rh7 37. Qe5+ Rg7 38. Ra1 Qb6+ 39. Kg2 Qb2 40. Qxb2 Rxb2 41. Ra8+ Kh7 42. Rc8 f6 43. Nd5 Kg6 44. h4 Rd7 45. Nf4+ Kf7 46. Kf3 Rd2 47. c4 f5 48. Nh3 Rb3+ 49. Kf4 Rd4+ 50. Ke5 Rd7 51. Ng5+ Kg6 52. Rc6+ Kh5 53. Kxf5 Rxg3 54. Rc8 1-0

[Event "Pavia Province-ch"]
[Site "Cilavegna"]
[Date "2006.01.08"]
[Round "6"]
[White "Fadali, Mustafa"]
[Black "Ornati, Gianmaria"]
[Result "1/2-1/2"]
[WhiteElo "2009"]
[BlackElo "1675"]
[PlyCount "34"]
[EventDate "2006.01.06"]
[EventType "swiss"]
[EventRounds "6"]
[EventCountry "ITA"]
[SourceTitle "EXT 2024"]
[Source "ChessBase"]
[SourceDate "2023.10.10"]
[SourceVersion "1"]
[SourceVersionDate "2023.10.10"]
[SourceQuality "1"]

1. e4 c5 2. Nf3 d6 3. d4 cxd4 4. Nxd4 Nf6 5. Nc3 a6 6. Be2 e6 7. Be3 b5 8. a3 Bb7 9. f3 Be7 10. Qd2 0-0 11. g4 Nc6 12. Nxc6 Bxc6 13. Rd1 Qc7 14. Bf4 Rfd8 15. g5 Nh5 16. Be3 g6 17. 0-0 e5 1/2-1/2

[Event "Pavia Province-ch"]
[Site "Cilavegna"]
[Date "2006.01.07"]
[Round "3"]
[White "Ornati, Gianmaria"]
[Black "Giuberchio, Cesare"]
[Result "0-1"]
[WhiteElo "1675"]
[BlackElo "1973"]
[PlyCount "118"]
[EventDate "2006.01.06"]
[EventType "swiss"]
[EventRounds "6"]
[EventCountry "ITA"]
[SourceTitle "EXT 2024"]
[Source "ChessBase"]
[SourceDate "2023.10.10"]
[SourceVersion "1"]
[SourceVersionDate "2023.10.10"]
[SourceQuality "1"]

1. d4 Nf6 2. Nf3 c5 3. e3 b6 4. c4 g6 5. Nc3 Bg7 6. Bd3 0-0 7. 0-0 e6 8. d5 exd5 9. cxd5 d6 10. Qc2 Na6 11. Bb5 Nc7 12. Bc6 Rb8 13. a4 Bd7 14. Bxd7 Qxd7 15. e4 Rfe8 16. Re1 a6 17. Bf4 Nh5 18. Bd2 b5 19. axb5 axb5 20. Nd1 b4 21. Ne3 Nf4 22. h3 b3 23. Qb1 Nb5 24. Ng4 h5 25. Nf6+ Bxf6 26. Bxf4 c4 27. e5 dxe5 28. Bxe5 Bxe5 29. Nxe5 Qxd5 30. Nxg6 Rxe1+ 31. Qxe1 fxg6 32. Ra6 Qf7 33. Qe4 Kh7 34. Re6 Rb7 35. Rxg6 Qxg6 36. Qxb7+ Qg7 37. Qxb5 Qxb2 38. Qxc4 Qa1+ 39. Kh2 Qe5+ 40. Kg1 b2 41. Qc2+ Kg7 42. Qb1 Qc3 43. Kh2 Qc7+ 44. g3 Qc1 45. Qf5 b1Q 46. Qd7+ Kh6 47. Qd6+ Qg6 48. Qf8+ Qg7 49. Qd6+ Kh7 50. Qd3+ Kg8 51. Qd5+ Qf7 52. Qd8+ Kg7 53. Qd4+ Qf6 54. Qd7+ Kh6 55. Qa7 Qd2 56. Kg2 Qc6+ 57. Kh2 Qdc1 58. f3 Qd2+ 59. Kg1 Qcc1# 0-1